| 000 | 00765nam a2200265Ia 4500 | ||
|---|---|---|---|
| 003 | OSt | ||
| 005 | 20221007110504.0 | ||
| 006 | a|||||r|||| 00| 0 | ||
| 007 | ta | ||
| 008 | 221006b |||||||| |||| 00| 0 eng d | ||
| 020 | _a420437908 | ||
| 024 | _a21,221 | ||
| 037 | _cTextual | ||
| 040 |
_aLCO _cLCO _beng |
||
| 041 |
_2eng _aeng |
||
| 082 | _aY1:45:62 Ot91, L1 | ||
| 100 |
_aCross Rupert _9688383 |
||
| 245 | 0 | _aPunishment, Prison and the Public | |
| 260 |
_aLondon _bSteven & Sons U.K. _c1971 |
||
| 300 | _a192 | ||
| 500 | _aAn Assessment of Penal Reform in Twentieth Century England by an Armchair Penologist | ||
| 650 |
_aPRISON _9707558 |
||
| 942 |
_hY1:45:62 Ot91, L1 _cTEXL |
||
| 999 |
_c1190784 _d1190784 |
||